Newsweek web exclusives

Bibliographic Details
Format: Electronic Newspaper
Language:English
Published: New York : IBT Media. Newsweek/Daily Beast Company LLC
Subjects:
Online Access:Full text available from Research Library: 04/26/2010 to 02/18/2012

MARC

LEADER 00000nas a2200000 i 4500
001 ssj0001076684
003 WaSeSS
005 20200512172242.0
006 m d
007 cr n
008 131223u20uuuuuunyud| n|s|||||| |0eng d
035 |a (WaSeSS)ssj0001076684 
040 |a WaSeSS  |b eng  |c WaSeSS  |d WaSeSS 
050 1 4 |a JA1 
245 0 0 |a Newsweek web exclusives  |h [electronic resource]. 
260 |a New York :  |b IBT Media. Newsweek/Daily Beast Company LLC 
310 |a Daily 
506 |a License restrictions may limit access. 
588 |a Description based on: April 26, 2010; title from title screen (ProQuest, viewed Dec. 21, 2013). 
588 |a Latest issue consulted: February 18, 2012 (viewed Dec. 21, 2013). 
650 0 |a Political science  |v Newspapers. 
655 0 |a Electronic journals. 
856 4 0 |z Full text available from Research Library: 04/26/2010 to 02/18/2012  |u https://search.proquest.com/publication/38737